[Event "Krakow op-B 27th"]
[Site "Krakow"]
[Date "2017.01.03"]
[Round "8"]
[White "Slabek, Grzegorz"]
[Black "Cichonski, Bartlomiej"]
[Result "0-1"]
[WhiteElo "1950"]
[BlackElo "2018"]
[PlyCount "106"]
[EventDate "2016.12.27"]
[EventType "swiss"]
[EventRounds "9"]
[EventCountry "POL"]
[SourceTitle "CBM 176 Extra"]
[Source "ChessBase"]
[SourceDate "2017.03.02"]
[SourceVersion "1"]
[SourceVersionDate "2017.03.02"]
[SourceQuality "1"]

1. Nf3 Nf6 2. d4 g6 3. b4 a5 4. b5 Bg7 5. Bb2 b6 6. e3 Bb7 7. Be2 0-0 8. 0-0 d6 9. c4 Nbd7 10. d5 e5 11. dxe6 fxe6 12. Nd4 Nc5 13. Bf3 Bxf3 14. Qxf3 Nfd7 15. Qe2 Qh4 16. Nd2 Rae8 17. N4f3 Qh5 18. Bxg7 Kxg7 19. Nd4 Qg5 20. N2b3 Rf7 21. Nxc5 Nxc5 22. Nb3 Ref8 23. f4 Qf5 24. Nxc5 Qxc5 25. g3 e5 26. Kg2 Re7 27. fxe5 Qxe5 28. Rxf8 Kxf8 29. Rf1+ Kg8 30. Qf2 Qe4+ 31. Kh3 Qf5+ 32. Qxf5 gxf5 33. Rxf5 Rxe3 34. a4 Ra3 35. Rg5+ Kf7 36. Rf5+ Kg6 37. Rf2 Rxa4 38. Rc2 Rb4 39. Kg2 Kf5 40. Kf3 Rb3+ 41. Kg2 Ke4 42. Re2+ Re3 43. Rd2 a4 44. c5 bxc5 45. b6 cxb6 46. Rxd6 a3 47. Rxb6 a2 48. Ra6 Re2+ 49. Kh3 Kd4 50. g4 Kc3 51. Kg3 Kb2 52. Rb6+ Kc1 53. Ra6 Kb1 0-1

[Event "Krakow op-B 27th"]
[Site "Krakow"]
[Date "2016.12.29"]
[Round "3"]
[White "Lada, Ireneusz"]
[Black "Cichonski, Bartlomiej"]
[Result "0-1"]
[WhiteElo "1958"]
[BlackElo "2018"]
[PlyCount "58"]
[EventDate "2016.12.27"]
[EventType "swiss"]
[EventRounds "9"]
[EventCountry "POL"]
[SourceTitle "CBM 176 Extra"]
[Source "ChessBase"]
[SourceDate "2017.03.02"]
[SourceVersion "1"]
[SourceVersionDate "2017.03.02"]
[SourceQuality "1"]

1. c4 Nf6 2. Nc3 g6 3. Nf3 Bg7 4. g3 0-0 5. Bg2 d6 6. d3 e5 7. 0-0 Nfd7 8. Rb1 a5 9. a3 f5 10. Bg5 Nf6 11. Qd2 Qe8 12. b4 axb4 13. axb4 Na6 14. Ne1 c6 15. b5 Nc5 16. Nc2 Bd7 17. Nb4 Ne6 18. Bxf6 Bxf6 19. e3 f4 20. Ne4 Be7 21. Bf3 h5 22. d4 exd4 23. exd4 Ra3 24. Bd1 Ng5 25. Nxg5 Bxg5 26. Bb3 Bh3 27. Qb2 Qe4 28. f3 Qe3+ 29. Kh1 Bxf1 0-1

[Event "Krakow op-B 27th"]
[Site "Krakow"]
[Date "2016.12.27"]
[Round "1"]
[White "Kremer, Nadine"]
[Black "Cichonski, Bartlomiej"]
[Result "1/2-1/2"]
[WhiteElo "1843"]
[BlackElo "2018"]
[PlyCount "90"]
[EventDate "2016.12.27"]
[EventType "swiss"]
[EventRounds "9"]
[EventCountry "POL"]
[SourceTitle "CBM 176 Extra"]
[Source "ChessBase"]
[SourceDate "2017.03.02"]
[SourceVersion "1"]
[SourceVersionDate "2017.03.02"]
[SourceQuality "1"]

1. e4 d5 2. exd5 Nf6 3. Nf3 Nxd5 4. d4 g6 5. c4 Nb6 6. Nc3 Bg7 7. Be3 0-0 8. Be2 Nc6 9. Rc1 Bg4 10. d5 Bxf3 11. Bxf3 Ne5 12. b3 Nxf3+ 13. Qxf3 Nd7 14. 0-0 Ne5 15. Qh3 f5 16. Ne2 Ng4 17. Nf4 Nxe3 18. Ne6 Nxf1 19. Nxd8 Raxd8 20. Rxf1 e5 21. dxe6 Rfe8 22. Qe3 Bd4 23. Qg5 Rd6 24. Re1 Bc3 25. Rf1 Rexe6 26. Qg3 Bd4 27. b4 b6 28. Qf3 Re4 29. Qg3 Rd7 30. h4 Be5 31. Qb3 Rxh4 32. c5+ Kf8 33. g3 Re4 34. Rd1 Rxd1+ 35. Qxd1 Rd4 36. Qe2 Re4 37. Qa6 Rxb4 38. Qxa7 bxc5 39. Qxc5+ Bd6 40. Qc2 Rb6 41. Kg2 Ra6 42. Qc4 Ra3 43. Qe6 Kg7 44. Qc4 h5 45. Qc2 Kh7 1/2-1/2

[Event "Dublin Masters"]
[Site "Dublin"]
[Date "2016.09.11"]
[Round "4"]
[White "Cichonski, Bartlomiej"]
[Black "Melotti, Dario"]
[Result "1/2-1/2"]
[WhiteElo "2021"]
[BlackElo "2012"]
[PlyCount "52"]
[EventDate "2016.09.08"]
[EventType "swiss"]
[EventRounds "5"]
[EventCountry "IRL"]
[SourceTitle "EXT 2023"]
[Source "ChessBase"]
[SourceDate "2022.10.05"]
[SourceVersion "1"]
[SourceVersionDate "2022.10.05"]
[SourceQuality "1"]

1. f4 e5 2. e4 d5 3. exd5 exf4 4. Nf3 Nf6 5. d4 Nxd5 6. Bd3 Be7 7. 0-0 0-0 8. Ne5 Nd7 9. Nc3 Nxe5 10. dxe5 Nb4 11. Bxf4 Nxd3 12. Qxd3 Qxd3 13. cxd3 Bc5+ 14. Kh1 Bf5 15. Rad1 Bg4 16. Rd2 c6 17. d4 Bb4 18. a3 Ba5 19. b4 Bb6 20. d5 cxd5 21. Nxd5 Be6 22. a4 Bxd5 23. Rxd5 Rfd8 24. Rfd1 Rxd5 25. Rxd5 Rd8 26. Rxd8+ Bxd8 1/2-1/2

[Event "Dublin Masters"]
[Site "Dublin"]
[Date "2016.09.10"]
[Round "2"]
[White "Cichonski, Bartlomiej"]
[Black "Plaza Reino, Agustin"]
[Result "1-0"]
[WhiteElo "2021"]
[BlackElo "1887"]
[PlyCount "149"]
[EventDate "2016.09.08"]
[EventType "swiss"]
[EventRounds "5"]
[EventCountry "IRL"]
[SourceTitle "EXT 2023"]
[Source "ChessBase"]
[SourceDate "2022.10.05"]
[SourceVersion "1"]
[SourceVersionDate "2022.10.05"]
[SourceQuality "1"]

1. f4 d5 2. Nf3 Nf6 3. g3 g6 4. Bg2 Bg7 5. 0-0 0-0 6. d3 c5 7. c3 Nc6 8. Qe1 Re8 9. e4 dxe4 10. dxe4 e5 11. Nh4 Be6 12. Na3 a6 13. f5 Bd7 14. fxg6 hxg6 15. Bg5 Re6 16. Rd1 Qc7 17. Nc4 Nh7 18. Bc1 b5 19. Ne3 Ne7 20. Rf2 Rd6 21. Rfd2 Rxd2 22. Qxd2 Bc6 23. Qd6 Qxd6 24. Rxd6 Nf6 25. Nd5 Bxd5 26. exd5 e4 27. Bg5 Nexd5 28. c4 bxc4 29. Bf1 Rb8 30. Bxc4 Nb6 31. Bxa6 Nfd5 32. b3 Be5 33. Rd8+ Rxd8 34. Bxd8 Nd7 35. Bb7 Nc3 36. a4 Bd4+ 37. Kf1 Kf8 38. Ba5 Nf6 39. Bxc3 Bxc3 40. Ke2 Ke7 41. Ke3 Ke6 42. Bxe4 Ng4+ 43. Kd3 Bb4 44. Nf3 Nf2+ 45. Ke3 Nd1+ 46. Ke2 Nb2 47. Nd2 Ke5 48. Bc6 f6 49. Nf3+ Kd6 50. Be8 g5 51. h4 gxh4 52. gxh4 c4 53. h5 Ke7 54. h6 Kf8 55. bxc4 Nxc4 56. Bg6 Ne5 57. Nh4 Nxg6 58. Nxg6+ Kg8 59. Nh4 Kh7 60. Nf5 Ba5 61. Kf3 Kg6 62. Ke4 Bd2 63. Kd5 Bb4 64. Kc4 Bd2 65. Kb5 Kh7 66. a5 Bxa5 67. Kxa5 Kg8 68. Kb5 Kh8 69. Kc6 Kh7 70. Kd6 Kg6 71. Ke6 Kh7 72. Kxf6 Kg8 73. Kg6 Kh8 74. Nd6 Kg8 75. h7+ 1-0

[Event "IRL-chT"]
[Site "Dublin"]
[Date "2016.04.23"]
[Round "2"]
[White "Dunne, Thomas Jr"]
[Black "Cichonski, Bartlomiej"]
[Result "1-0"]
[WhiteElo "1761"]
[BlackElo "1944"]
[PlyCount "97"]
[EventDate "2016.04.23"]
[EventType "team-swiss"]
[EventRounds "4"]
[EventCountry "IRL"]
[SourceTitle "EXT 2023"]
[Source "ChessBase"]
[SourceDate "2022.10.05"]
[SourceVersion "1"]
[SourceVersionDate "2022.10.05"]
[SourceQuality "1"]

1. e4 d5 2. exd5 Nf6 3. Nf3 Nxd5 4. Bc4 Nc6 5. 0-0 g6 6. Nc3 Nb6 7. Bb5 Bg7 8. Re1 0-0 9. Bxc6 bxc6 10. Ne5 Qd6 11. d4 f6 12. Ne4 Qd5 13. Nc3 Qd6 14. Ne4 fxe5 15. Nxd6 cxd6 16. Bg5 Bf6 17. Bxf6 exf6 18. dxe5 dxe5 19. b3 Be6 20. Qd6 Bf5 21. c4 Rac8 22. Rad1 Rf7 23. Qc5 Kg7 24. Rd2 Rcc7 25. h3 h5 26. Red1 Nd7 27. Qe3 Nf8 28. f3 h4 29. f4 e4 30. Qf2 g5 31. fxg5 fxg5 32. Qe3 Ne6 33. Rd6 Nf4 34. R1d2 Rc8 35. Qc3+ Kh7 36. Qe3 Bg6 37. Kh2 Bf5 38. Qc3 Nd3 39. Qd4 c5 40. Qe3 Rg8 41. g3 hxg3+ 42. Qxg3 Rg6 43. Rxg6 Kxg6 44. Rg2 g4 45. hxg4 Be6 46. Qe3 Rf4 47. Rd2 Rxg4 48. Rxd3 Rh4+ 49. Kg1 1-0

[Event "Dublin Masters"]
[Site "Dublin"]
[Date "2015.09.13"]
[Round "4"]
[White "Cichonski, Bartlomiej"]
[Black "Delaney, Killian"]
[Result "0-1"]
[WhiteElo "1987"]
[BlackElo "2144"]
[PlyCount "58"]
[EventDate "2015.09.11"]
[EventType "swiss"]
[EventRounds "5"]
[EventCountry "IRL"]
[SourceTitle "EXT 2023"]
[Source "ChessBase"]
[SourceDate "2022.10.05"]
[SourceVersion "1"]
[SourceVersionDate "2022.10.05"]
[SourceQuality "1"]

1. d4 d5 2. c4 e6 3. Nc3 c5 4. e3 Nf6 5. Nf3 Nc6 6. Be2 dxc4 7. Bxc4 a6 8. a4 cxd4 9. exd4 Be7 10. 0-0 0-0 11. h3 Nb4 12. Qe2 b6 13. Bg5 Bb7 14. Rfd1 Nfd5 15. Bxe7 Qxe7 16. Nxd5 Nxd5 17. Rac1 Nf4 18. Qe3 Qf6 19. Kh2 Rfd8 20. Bf1 Nd5 21. Qe5 Rac8 22. Bc4 Nb4 23. Be2 Nd5 24. Bc4 Qe7 25. Qh5 Nf6 26. Qh4 Qb4 27. Ne5 b5 28. axb5 axb5 29. Nd3 Qd6+ 0-1

[Event "Dublin Gonzaga Masters"]
[Site "Dublin"]
[Date "2013.02.02"]
[Round "2"]
[White "Porter, Liam"]
[Black "Cichonski, Bartlomiej"]
[Result "1/2-1/2"]
[WhiteElo "1972"]
[BlackElo "2067"]
[PlyCount "41"]
[EventDate "2013.02.01"]
[EventType "swiss"]
[EventRounds "5"]
[EventCountry "IRL"]
[SourceTitle "EXT 2015"]
[Source "ChessBase"]
[SourceDate "2014.11.20"]
[SourceVersion "1"]
[SourceVersionDate "2014.11.20"]
[SourceQuality "1"]

1. e4 c5 2. Nc3 Nc6 3. g3 g6 4. Bg2 Bg7 5. d3 e5 6. Nd5 Nge7 7. Bg5 h6 8. Bf6 0-0 9. Qd2 Bxf6 10. Nxf6+ Kg7 11. Ng4 Rh8 12. Ne3 d6 13. Ne2 f5 14. 0-0 Be6 15. f4 Qd7 16. c3 d5 17. fxe5 d4 18. Nc2 Rad8 19. cxd4 cxd4 20. Qf4 Ng8 21. Ne1 1/2-1/2

[Event "Gonzaga Masters"]
[Site "Dublin"]
[Date "2012.01.28"]
[Round "3"]
[White "Cichonski, Bartlomiej"]
[Black "Fitzsimons, David"]
[Result "1/2-1/2"]
[WhiteElo "1970"]
[BlackElo "2260"]
[PlyCount "75"]
[EventDate "2012.01.27"]
[EventType "swiss"]
[EventRounds "5"]
[EventCountry "IRL"]
[SourceTitle "EXT 2023"]
[Source "ChessBase"]
[SourceDate "2022.10.05"]
[SourceVersion "1"]
[SourceVersionDate "2022.10.05"]
[SourceQuality "1"]

1. e4 e6 2. d4 d5 3. e5 c5 4. c3 Nc6 5. Nf3 Bd7 6. Be2 Nge7 7. Na3 Ng6 8. 0-0 cxd4 9. cxd4 Bxa3 10. bxa3 0-0 11. Bg5 Qc7 12. h4 f6 13. exf6 gxf6 14. Bh6 Rf7 15. Qd2 Qd6 16. Rab1 b6 17. Rb3 Re8 18. h5 Nge7 19. Nh4 e5 20. dxe5 fxe5 21. Rg3+ Kh8 22. Bg5 Nd4 23. Bd3 Nef5 24. Bxf5 Nxf5 25. Nxf5 Bxf5 26. h6 d4 27. f4 Bg6 28. fxe5 Rxf1+ 29. Kxf1 Qxe5 30. Rf3 Kg8 31. Bf6 Bd3+ 32. Rxd3 Qxf6+ 33. Kg1 Qh4 34. g3 Qg4 35. Qb4 Qe6 36. Qb3 Kf8 37. Qxe6 Rxe6 38. Rxd4 1/2-1/2

[Event "Dublin Masters"]
[Site "Dublin"]
[Date "2011.09.03"]
[Round "4"]
[White "Fox, Anthony"]
[Black "Cichonski, Bartlomiej"]
[Result "1-0"]
[WhiteElo "2087"]
[BlackElo "1970"]
[PlyCount "35"]
[EventDate "2011.09.02"]
[EventType "swiss"]
[EventRounds "6"]
[EventCountry "IRL"]
[SourceTitle "EXT 2023"]
[Source "ChessBase"]
[SourceDate "2022.10.05"]
[SourceVersion "1"]
[SourceVersionDate "2022.10.05"]
[SourceQuality "1"]

1. e4 g6 2. d4 Bg7 3. Nf3 d6 4. Nc3 Nf6 5. Be2 0-0 6. 0-0 Nbd7 7. e5 dxe5 8. dxe5 Ne8 9. e6 Nd6 10. exd7 Bxd7 11. Be3 Nf5 12. Qd2 Qe8 13. Rad1 Bc6 14. Qc1 Nxe3 15. Qxe3 e6 16. Ne5 a6 17. Nxc6 Qxc6 18. Bf3 1-0